01064nam a2200265Ia 450000500170000000800390001702000190005610000340007524500480010925000400015730000270019749000440022450502200026865000400048865000420052865000380057094200150060826400260062333600270064933700330067633800280070904000350073708400110077299900150078320220317001040.0160825s2008 sp g 000 0 spa a978842063320121 aBorges, Jorge Luisd1899-198610aHistoria de la eternidadcJorge Luis Borges a1a. edición b10a. reimpresión  a179 páginas c17 cm  aEl libro de bolsillopbiblioteca Borges aHistoria de la eternidad ; Las Kenningar ; La metáfora ; La doctrina de los ciclos ; El tiempo circular ; El cápitan Burton ; El doctor Mardrus ; Enno Littmann ; El acercamiento de Almotásim ; Arte de injuriar142LEMBaCuentos argentinos ySiglo XX142LEMBaLiteratura argentina ySiglo XX142LEMBaEternidad en la literatura  2loccBKLIT aMadridbAlianzac2008 atextobtxt2rdacontent asin mediaciónbn2rdamedia avolumenbnc2rdacarrier aCO-BoRNBPbspaerdacCO-BoRNBP aC BOR2 c5782d5782